Top100 anime sur MyAnimeList - Statistiques

Statistiques générales
  • Ce quiz a été pris 80 fois
  • Le résultat moyen est 28 sur 100
Statistiques - réponses
ID Réponse % Correct
55 One Piece
96%
7 One Piece Fan Letter
96%
38 Attack on Titan: Final Season
70%
43 Attack on Titan: Final Season Part 2
70%
89 Attack on Titan Season 3
70%
31 Attack on Titan: The Last Attack
70%
66 Demon Slayer: Kimetsu no Yaiba Entertainment District Arc
70%
48 Demon Slayer: Kimetsu no Yaiba - The Movie: Infinity Castle
70%
27 Attack on Titan: Final Season - The Final Chapters
64%
4 Attack on Titan Season 3 Part 2
64%
13 Bleach: Thousand-Year Blood War
64%
75 Bleach: Thousand-Year Blood War - The Conflict
64%
67 Bleach: Thousand-Year Blood War - The Separation
64%
54 Jujutsu Kaisen Season 2
64%
8 Hunter x Hunter
57%
2 Fullmetal Alchemist: Brotherhood
55%
98 Death Note
48%
12 Chainsaw Man the Movie: Reze Arc
46%
1 Frieren: Beyond Journey's End
43%
99 Haikyu!! 2nd Season
42%
40 Haikyu!! 3rd Season
42%
64 Code Geass: Lelouch of the Rebellion
35%
21 Code Geass: Lelouch of the Rebellion R2
35%
18 Gintama
33%
10 Gintama: Enchousen
33%
9 Gintama Season 2
33%
5 Gintama Season 4
33%
14 Gintama Season 5
33%
35 Gintama. Silver Soul Arc
33%
25 Gintama. Silver Soul Arc - Second Half War
33%
23 Gintama: The Movie: The Final Chapter: Be Forever Yorozuya
33%
6 Gintama: The Very Final
33%
41 Vinland Saga
33%
34 Vinland Saga Season 2
33%
88 Your Lie in April
33%
85 Fate/stay night: Heaven's Feel - III. Spring Song
32%
24 Monster
32%
3 Steins;Gate
32%
94 Kaguya-sama: Love is War?
30%
52 Kaguya-sama: Love is War -The First Kiss That Never Ends-
30%
15 Kaguya-sama: Love is War -Ultra Romantic-
30%
20 The Apothecary Diaries Season 2
30%
70 Violet Evergarden
30%
29 Violet Evergarden: The Movie
30%
33 Your Name.
29%
84 Solo Leveling Season 2: Arise from the Shadow
28%
19 A Silent Voice
25%
26 The Apothecary Diaries
25%
39 Fighting Spirit
23%
76 Fighting Spirit: New Challenger
23%
32 Kingdom: Season 3
23%
53 Kingdom: Season 4
23%
57 Kingdom: Season 5
23%
16 Fruits Basket: The Final Season
22%
73 Great Teacher Onizuka
22%
92 Made in Abyss
22%
17 Clannad: After Story
20%
47 Cowboy Bebop
19%
36 Mob Psycho 100 II
19%
28 Owarimonogatari Second Season
19%
60 The First Slam Dunk
19%
79 Monogatari Series: Off & Monster Season
17%
45 Monogatari Series: Second Season
17%
30 Takopi's Original Sin
14%
86 Gurren Lagann
13%
82 Mushi-Shi
13%
72 Mushi-shi: Next Passage Part 1
13%
59 Mushi-shi: Next Passage Part 2
13%
97 Mushoku Tensei: Jobless Reincarnation Part 2
13%
46 The Fragrant Flower Blooms with Dignity
13%
77 Howl's Moving Castle
12%
44 Tomorrow's Joe 2
12%
49 Bocchi the Rock!
10%
61 Link Click
10%
81 Link Click Season 2
10%
78 Princess Mononoke
10%
42 Spirited Away
10%
95 Cyberpunk: Edgerunners
9%
11 Legend of the Galactic Heroes
9%
87 Odd Taxi
9%
100 Bungo Stray Dogs 5
7%
22 March Comes In Like a Lion 2nd Season
7%
68 Orb: On the Movements of the Earth
7%
51 To Be Hero X
7%
37 Kizumonogatari Part 3: Cold-Blooded
6%
90 Look Back
6%
91 Umamusume: Pretty Derby - Beginning of a New Era
6%
62 86 Eighty-Six Part 2
4%
80 Lord of Mysteries
4%
93 Natsume's Book of Friends Season 4
3%
96 Ping Pong the Animation
3%
71 Samurai X: Trust and Betrayal
3%
58 Sound! Euphonium 3
3%
50 The Dangers in My Heart Season 2
3%
69 Descending Stories: Showa Genroku Rakugo Shinju
1%
63 Idol
1%
65 Mob Psycho 100 III
1%
74 The Master of Diabolism 3
1%
56 Alien Stage
0%
83 Heaven Official's Blessing Season 2
0%
Aucun quiz correspondant
Distribution des résultats
% des personnes avec chaque résultat
Percentile par nombre de réponses
Votre historique - résultats
Vous n’avez pas pris ce quiz